| 000 | 00936nam a2200277 a 4500 | ||
|---|---|---|---|
| 005 | 20140310183314.0 | ||
| 008 | 051011s19uu xx 00 eng d | ||
| 020 | _a0-7216-0375-0 | ||
| 050 |
_aRC 670.5.H45 _b.H377 2005 |
||
| 100 | _aHodges, Rebecca K. | ||
| 245 |
_aReal-world nursing survival guide : _bhemodynamic monitoring / _cRebecca K. Hodges, Kitty M. Garrett, Cynthia Chernecky, Lori Schumacher. |
||
| 260 |
_aPhiladelphia, PA : _bElsevier Science (USA), _cc2005. |
||
| 300 |
_axv, 206 p. : _c25 cm. |
||
| 650 | _aIntravenous catherization. | ||
| 650 | _aHemodynamics. | ||
| 650 | _aPatient monitoring. | ||
| 650 | _aIntensive care nursing. | ||
| 650 |
_aHeart _xDisease _xNursing. |
||
| 650 |
_aCritical care _xnurses' instruction. |
||
| 700 | _aHodges, Rebecca K. | ||
| 700 | _aGarrett, Kitty M. | ||
| 700 | _aChernecky, Cynthia | ||
| 700 | _aSchumacher, Lori | ||
| 942 |
_cBK _2lcc _kFOR |
||
| 999 |
_c21237 _d21237 |
||